LEADER 01016nam a2200193 i 4500 001 000000232133 003 CaOOAMICUS 005 20200708172523.0 008 140819s1789 it u000 u lat u 013 $a211036 026 $a9071 r.os 3.k. 23ta (3) 1789 (R) 040 $aSeMil$bita 245 10$aTomus 1: Complectens primam partem dissertationum In Vetus Testamentum. 300 $a[4], 658 p., [1] carta di tav. geogr. ripieg. 773 0 $aCalmet, Augustin $tP. R. D. Augustini Calmet Ordinis S. Benedicti, ... Dissertationes in Vetus et Novum Testamentum latinis literis traditae a Joanne Dominico Mansi ..$dWirceburgi : Sumtibus publicis prostant apud Franc. Xaver. Rienner, 1789.$bEditio novissima ad exemplar parisiense correcta.$g1$w()30362 850 $aSeMil 852 $aSeMil$W1$xVenegono$y1$m2Y V 1 FA$j182479$B182479$CSeMilBibl$Z2$F193500 $8I 996 $6245$aTomus 1: Complectens primam partem dissertationum In Vetus Testamentum$9(OLS)http://semarc/title/331258 LEADER 01013nam a2200229 i 4500 001 000000075377 003 CaOOAMICUS 005 20250826134900.0 008 110606s1894 it u000 u ita u 013 $a46549 040 $aSeMil$bita 100 1 $aZumbini, Bonaventura.$0(OLS)http://semarc/name/37209 245 10$aSulle poesie di Vincenzo Monti :$bstudi /$cdi B. Zumbini. 250 $a3. Ed. interamente riveduta , con la giunta di un discorso dell'autore sulla nostra presente critica letteraria. 260 $aFirenze :$bSucc. Le Monnier,$c1894$f(Stab. tip. fiorentino) 300 $aXXXV, 361 p. ;$c19 cm. 600 14$aMonti, Vincenzo <1754-1828>.$0(OLS)http://semarc/subject/15380 850 $aSeMil 852 $aSeMil$W1$xVenegono$y1$m1F IV 30 FA$j41529$B41529$CSeMilBibl$Z2$F41533 $8I 996 $6245$aSulle poesie di Vincenzo Monti :$bstudi$9(OLS)http://semarc/title/122232 996 $6260$aFirenze :$bSucc. Le Monnier$9(OLS)http://semarc/publisher/36337